Every Song by McBusted - Statistics

General Stats
  • This quiz has been taken 10 times
  • The average score is 9 of 15
Answer Stats
Album Song % Correct
McBusted(2014) Air Guitar
100%
McBusted(2014) Get Over It
90%
McBusted(2014) Hate Your Guts
80%
McBusted(Bonus)(2014) 23:59
70%
McBusted(2014) Riding on My Bike
70%
McBusted(2014) What Happened to Your Band
70%
McBusted(Bonus)(2014) In da Club
60%
McBusted(Bonus)(2014) I See Red
60%
McBusted(2014) Beautiful Girls Are the Loneliest
50%
McBusted(2014) How's My Hair
50%
McBusted(2014) Sensitive Guy
50%
McBusted(2014) Back in Time
40%
McBusted(2014) Getting It Out
40%
McBusted(2014) Gone
40%
McBusted(2014) Before You Knew Me
30%
No matching quizzes found
Score Distribution
Percent of People with Each Score
Percentile by Number Answered
Your Score History
You have not taken this quiz